Teatro /

Bibliographic Details
Main Author: Reza, Yasmina (Author)
Other Authors: Flotats, Josep Maria (Translator)
Format: Electronic eBook
Language:Spanish
Published: Barcelona : Editorial Anagrama, [2023]
Edition:Edición en formato digital.
Series:Compendium anagrama ; 26.
Subjects:
Online Access:Digitalia Hispánica

MARC

LEADER 00000nam a2200000Ii 4500
001 DIGANAGRA0614
003 NyNyDIG
006 m o d
007 cr |||||||||||
008 251203s2023 sp o 000 d spa d
035 |a (OCoLC)1560009479 
040 |a DGITA  |b eng  |e rda  |e pn  |c DGITA 
020 |a 9788433921901  |q eBook 
020 |z 9788433911179 
050 1 4 |a PQ2678.E955 ebook 
100 1 |a Reza, Yasmina,  |e author. 
245 1 0 |a Teatro /  |c Yasmina Reza ; traducción, Josep Maria Flotats [and 4 others]. 
250 |a Edición en formato digital. 
264 1 |a Barcelona :  |b Editorial Anagrama,  |c [2023] 
300 |a 1 online resource. 
336 |a text  |b txt  |2 rdacontent 
337 |a computer  |b c  |2 rdamedia 
338 |a online resource  |b cr  |2 rdacarrier 
347 |a text file  |2 rdaft 
347 |b EPUB 
490 1 |a Compendium 
505 0 |a Arte -- Tres versiones de la vida -- Una comedia española -- Un Dios salvaje -- Bella figura. 
588 0 |a Online resource; title from ePub title page (Digitalia, viewed December 3, 2025) 
655 7 |a Drama.  |2 lcgft 
700 1 |a Flotats, Josep Maria,  |e translator. 
700 1 2 |i Container of (expression):  |a Reza, Yasmina.  |t Art.  |l Spanish 
700 1 2 |i Container of (expression):  |a Reza, Yasmina.  |t Trois versions de la vie.  |l Spanish 
700 1 2 |i Container of (expression):  |a Reza, Yasmina.  |t Une pièce espagnole  |l Spanish 
700 1 2 |i Container of (expression):  |a Reza, Yasmina.  |t Le dieu du carnag.  |l Spanish 
700 1 2 |i Container of (expression):  |a Reza, Yasmina.  |t Bella figura.  |l Spanish 
740 0 2 |a Arte. 
740 0 2 |a Tres versiones de la vida. 
740 0 2 |a Una comedia española. 
740 0 2 |a Un Dios salvaje. 
740 0 2 |a Bella figura. 
791 2 |a Digitalia (Firm),  |e distributor. 
793 0 |g Digitalia eBook Collection:  |a Editorial Anagrama 
776 0 8 |i Print version:  |a Reza, Yasmina.  |t Teatro.  |d Barcelona : Editorial Anagrama, [2023]  |z 9788433911179 
830 0 |a Compendium anagrama ;  |v 26. 
856 4 0 |3 Digitalia Hispánica  |u https://www.digitaliapublishing.com/a/135021/ 
910 |a Premium collection: 2025